000 00783nam a2200205 a 4500
003 0
005 20250421152024.0
008 970114s19uu xx 00 eng d
050 _aPGS HV 5824.C45
_b.Sa116 2003
100 _aSabili, Mey Bernadette P.
245 _aPerceptions of grade six students on drug usage and addiction /
_cMey Bernadette P. Sabili.
260 _aLas PiƱas City, Philippines :
_bSouthville International School and Colleges,
_c2003.
300 _a32 pages :
_bcolored illustrations ;
_c28 cm.
504 _aIncludes bibliographical references.
650 _aDrug abuse
_vPsychological aspects.
650 _aDrug abuse
_vSocial aspects.
650 _aDrug abuse
_vPrevention.
650 _aDrug abuse
_vStudy and teaching (Elementary).
942 _2lcc
_cPASS
999 _c96918
_d96918